Ganj-i k̲h̲ūbī. (Record no. 77924)

MARC details
000 -LEADER
fixed length control field 00851cam a22002771 4500
001 - CONTROL NUMBER
control field sa 68001407
003 - CONTROL NUMBER IDENTIFIER
control field DLC
005 - DATE AND TIME OF LATEST TRANSACTION
control field 20260227112433.0
008 - FIXED-LENGTH DATA ELEMENTS--GENERAL INFORMATION
fixed length control field 891010s1966 ii h b 000 0 urdr
010 ## - LIBRARY OF CONGRESS CONTROL NUMBER
LC control number sa 68001407
035 ## - SYSTEM CONTROL NUMBER
System control number (OCoLC)20462173
040 ## - CATALOGING SOURCE
Original cataloging agency DLC
Transcribing agency WaU
Modifying agency DLC
041 1# - LANGUAGE CODE
Language code of text/sound track or separate title urd
Language code of original per
042 ## - AUTHENTICATION CODE
Authentication code premarc
050 00 - LIBRARY OF CONGRESS CALL NUMBER
Classification number BJ1291
Item number .K318
100 1# - MAIN ENTRY--PERSONAL NAME
Personal name Kāshifī, Ḥusayn Vāʻiẓ,
Dates associated with a name -1504 or 1505.
245 00 - TITLE STATEMENT
Title Ganj-i k̲h̲ūbī.
260 ## - PUBLICATION, DISTRIBUTION, ETC.
Place of publication, distribution, etc. [Delhi,
Name of publisher, distributor, etc. Shuʻbah-yi Urdū, Dihlī Yūnīvarsiṭī,
Date of publication, distribution, etc. 1966]
300 ## - PHYSICAL DESCRIPTION
Extent xxxvii, 320, 13 p.
Other physical details facsims.
Dimensions 25 cm.
500 ## - GENERAL NOTE
General note Added t. p. in English.
500 ## - GENERAL NOTE
General note In Urdu.
500 ## - GENERAL NOTE
General note Translation of: Ak̲h̲lāq-i moḥsinī.
504 ## - BIBLIOGRAPHY, ETC. NOTE
Bibliography, etc. note Bibliographical footnotes.
650 #0 - SUBJECT ADDED ENTRY--TOPICAL TERM
Topical term or geographic name entry element Islamic ethics
General subdivision Early works to 1800.
700 0# - ADDED ENTRY--PERSONAL NAME
Personal name Mīr Amman Dihlavī,
Dates associated with a name active 1801-1806.

No items available.

Powered by Koha